Statistics for Disc Golf World Champions

Click here to take the quiz!

General Stats

  • This quiz has been taken 90 times
  • The average score is 34 of 79

Answer Stats

HintAnswer% Correct
2013Paul McBeth
98%
2012Paul McBeth
98%
2014Paul McBeth
98%
2015Paul McBeth
98%
2019Paul McBeth
98%
2021James Conrad
91%
2016Ricky Wysocki
91%
2017Ricky Wysocki
91%
1995Ken Climo
87%
1997Ken Climo
87%
2006Ken Climo
87%
2002Ken Climo
87%
2000Ken Climo
87%
1998Ken Climo
87%
1996Ken Climo
87%
1994Ken Climo
87%
1993Ken Climo
87%
1992Ken Climo
87%
1991Ken Climo
87%
1990Ken Climo
87%
2011Paige Pierce
82%
2015Paige Pierce
82%
2017Paige Pierce
82%
2019Paige Pierce
82%
2013Paige Pierce
82%
2018Gregg Barsby
69%
2014Catrina Allen
56%
2021Catrina Allen
56%
2009Avery Jenkins
51%
2009Valarie Jenkins
49%
2007Valarie Jenkins
49%
2016Valarie Jenkins
49%
2008Valarie Jenkins
49%
2004Barry Schultz
47%
2003Barry Schultz
47%
2007Nate Doss
45%
2005Nate Doss
45%
2011Nate Doss
45%
2008David Feldberg
33%
2020Cancelled
29%
2020Cancelled
29%
2010Eric McCabe
29%
2012Sarah Hokom
29%
1992Elaine King
25%
1991Elaine King
25%
1993Elaine King
25%
1994Elaine King
25%
1997Elaine King
25%
1998Juliana Korver
25%
2003Juliana Korver
25%
2001Juliana Korver
25%
2000Juliana Korver
25%
1999Juliana Korver
25%
2018Paige Bjerkaas
20%
1985Harold Duvall
16%
1982Harold Duvall
16%
2001Cameron Todd
13%
1999Ron Russell
11%
1983Marie Jackson
9%
1984Marie Jackson
9%
2002Des Reading
7%
2005Des Reading
7%
2006Des Reading
7%
1986Johnny Sias
7%
2004Birgitta Lagerholm
4%
1983Jeff Watson
4%
1984Sam Ferrans
4%
1989Steve Wisecup
4%
1990Amy Bekken
2%
1995Becky Powell
2%
1996Beth Tanner
2%
1989Chris O'Cleary
2%
1988Chris O'Cleary
2%
1987Gregg Hosfeid
2%
1988John Ahart
2%
1985Ramona Hale
2%
2010Sarah Stanhope
2%
1986Vanessa Chambers
2%
1987Vanessa Chambers
2%

Score Distribution

Percentile by Number Answered

Percent of People with Each Score

Your Score History

You have not taken this quiz